000 00400nam a22001697a 4500
005 20160630094013.0
008 160630b xxu||||| |||| 00| 0 eng d
020 _a0-415-18530-0
041 _aeng
082 _b10906
100 _aFlood, Robert Lovis
_93260
245 _aRethenking the fifth descipline
260 _bRoutledge
_c2000
300 _a194
650 _aManagement
_9241
942 _cBK
999 _c4814
_d4812